000 00765nam a22002417a 4500
005 20220630093521.0
008 220630b ||||| |||| 00| 0 eng d
020 _a8173400008
040 _cAL
041 _aEnglish
082 _223
_a364.168
_bRAMS
100 _aK S Ramachandran
_946135
245 _aScanning the Scam: How and Why of the Securities Scandal
260 _aNew Delhi
_bNeo Publishing Company
_c1993
300 _a199 p.
_bHB
_c22.5x15 cm.
650 _aSecurities fraud
_946136
650 _aSecurities industry--Corrupt practices
_946137
650 _aStock exchanges--Corrupt practices
_946138
650 _aStockbrokers--Corrupt practices
_946139
650 _aIndia
_946140
700 _aRAMACHANDRAN (K S) Ed
_946141
942 _2ddc
_cGF
999 _c223528
_d223528